| 000 | 01282cam a2200361 i 4500 | ||
|---|---|---|---|
| 001 | 25035 | ||
| 003 | Mx-PuUPA | ||
| 005 | 20250708121301.0 | ||
| 008 | 140415s1984 sp gr 000 0 spa d | ||
| 017 | _aM. 7:056-1984 | ||
| 020 | _a8472142892 | ||
| 040 |
_aMx-PuUPA _bspa _cMx-PuUPA _dMx-PuUPA _erda |
||
| 041 | 1 |
_aspa _heng |
|
| 240 | 1 | 2 |
_aA guide to post-keynesian economics. _lEspañol |
| 245 | 0 | 0 |
_aEconomía postkeynesiana / _cAlfred S. Eichner, editor ; prólogo de Joan Robinson ; traducción, Miguel Morán |
| 250 | _aPrimera edición | ||
| 264 | 1 |
_aMadrid : _bHerman Blume, _c©1984 |
|
| 300 |
_a219 páginas ; _c21 cm |
||
| 336 |
_2rdacontent _atexto _btxt |
||
| 337 |
_2rdamedia _asin medio _bn |
||
| 338 |
_2rdacarrier _avolumen _bnc |
||
| 490 | 0 | _aEconomía | |
| 650 | 7 |
_2armarc _aEconomía Keynesiana |
|
| 650 | 7 |
_2armarc _aEconomía _vEscuelas y teorías |
|
| 700 | 1 |
_aEichner, Alfred S., _eeditor _917293 |
|
| 700 | 1 |
_aMoran, Miguel, _etraductor |
|
| 700 | 1 |
_aRobinson, Joan, _eprologuista |
|
| 765 | 0 |
_aEichner, Alfred S., _tA guide to post-keynesian economics. |
|
| 942 |
_2ddc _cLI _h330.1 _iE5218 |
||
| 999 |
_c25035 _d25035 |
||